[Event "DVM U16w 2024"]
[Site "Neumünster GER"]
[Date "2024.12.27"]
[Round "1"]
[White "Neitzke, Loreley"]
[Black "Mehner, Clara"]
[Result "0-1"]
[Termination "normal"]
[Board "10.2"]
[WhiteElo "883"]
[BlackElo "1572"]
[WhiteClock "01:14:46"]
[BlackClock "00:57:31"]
[WhiteTeam "SV Eintracht Tangerhütte"]
[BlackTeam "USG Chemnitz"]
[PlyCount "50"]
[BlackFideId "34612165"]
[EventCountry "GER"]
[EventRounds "7"]
[EventType "team-swiss"]
[EventDate "2024.12.26"]

1. e4 {[%clk 01:30:50]} {[%emt 00:00:02]} e6 {[%clk 01:30:58]} {[%emt
00:00:09]} 2. d4 {[%clk 01:31:13]} {[%emt 00:00:07]} d5 {[%clk 01:31:22]}
{[%emt 00:00:06]} 3. e5 {[%clk 01:31:36]} {[%emt 00:00:07]} c5 {[%clk
01:31:43]} {[%emt 00:00:09]} 4. c3 {[%clk 01:31:52]} {[%emt 00:00:15]} Nc6
{[%clk 01:31:56]} {[%emt 00:00:17]} 5. Nf3 {[%clk 01:32:11]} {[%emt 00:00:10]}
Qb6 {[%clk 01:32:04]} {[%emt 00:00:22]} 6. Bd3 {[%clk 01:32:26]} {[%emt
00:00:14]} Bd7 {[%clk 01:32:22]} {[%emt 00:00:14]} 7. O-O {[%clk 01:32:36]}
{[%emt 00:00:20]} cxd4 {[%clk 01:32:02]} {[%emt 00:00:49]} 8. Nxd4 {[%clk
01:30:57]} {[%emt 00:02:08]} Nxd4 {[%clk 01:30:15]} {[%emt 00:02:19]} 9. cxd4
{[%clk 01:31:07]} {[%emt 00:00:18]} Qxd4 {[%clk 01:29:48]} {[%emt 00:00:59]}
10. Nc3 {[%clk 01:31:26]} {[%emt 00:00:11]} Qxe5 {[%clk 01:28:24]} {[%emt
00:01:54]} 11. Re1 {[%clk 01:31:48]} {[%emt 00:00:08]} Qd6 {[%clk 01:27:17]}
{[%emt 00:01:37]} 12. Nb5 {[%clk 01:31:57]} {[%emt 00:00:20]} Qb6 {[%clk
01:14:50]} {[%emt 00:12:57]} 13. Be3 {[%clk 01:30:50]} {[%emt 00:01:37]} Qa5
{[%clk 01:08:56]} {[%emt 00:06:23]} 14. Qc2 {[%clk 01:30:13]} {[%emt 00:01:07]}
Bxb5 {[%clk 01:06:56]} {[%emt 00:02:30]} 15. a4 {[%clk 01:26:25]} {[%emt
00:04:17]} Bxd3 {[%clk 01:05:47]} {[%emt 00:01:39]} 16. Qxd3 {[%clk 01:26:39]}
{[%emt 00:00:13]} Nf6 {[%clk 01:03:15]} {[%emt 00:03:06]} 17. h3 {[%clk
01:25:26]} {[%emt 00:01:41]} Bd6 {[%clk 01:01:09]} {[%emt 00:02:38]} 18. Bd2
{[%clk 01:24:23]} {[%emt 00:01:33]} Bb4 {[%clk 00:59:06]} {[%emt 00:02:33]} 19.
Qg3 {[%clk 01:20:43]} {[%emt 00:04:10]} Bxd2 {[%clk 00:57:29]} {[%emt
00:02:08]} 20. Qxg7 {[%clk 01:20:58]} {[%emt 00:00:12]} Ke7 {[%clk 00:57:11]}
{[%emt 00:00:50]} 21. Red1 {[%clk 01:19:07]} {[%emt 00:02:20]} Rhg8 {[%clk
00:57:25]} {[%emt 00:00:16]} 22. Qg3 {[%clk 01:16:34]} {[%emt 00:03:03]} Rxg3
{[%clk 00:57:41]} {[%emt 00:00:15]} 23. fxg3 {[%clk 01:16:50]} {[%emt
00:00:12]} Ne4 {[%clk 00:57:23]} {[%emt 00:00:49]} 24. Rf1 {[%clk 01:14:52]}
{[%emt 00:02:28]} Nxg3 {[%clk 00:57:23]} {[%emt 00:00:30]} 25. Rf2 {[%clk
01:14:46]} {[%emt 00:00:36]} Be3 {[%clk 00:57:31]} {[%emt 00:00:22]} 0-1

[Event "DVM U16w 2024"]
[Site "Neumünster GER"]
[Date "2024.12.27"]
[Round "1"]
[White "Mo, Keyou"]
[Black "Quauck, Isabell"]
[Result "1/2-1/2"]
[Termination "normal"]
[Board "10.3"]
[WhiteElo "1552"]
[BlackElo "1465"]
[WhiteClock "00:58:49"]
[BlackClock "01:17:51"]
[WhiteTeam "USG Chemnitz"]
[BlackTeam "SV Eintracht Tangerhütte"]
[PlyCount "84"]
[WhiteFideId "34623582"]
[BlackFideId "34665390"]
[EventCountry "GER"]
[EventRounds "7"]
[EventType "team-swiss"]
[EventDate "2024.12.26"]

1. e4 {[%clk 01:30:58]} {[%emt 16:10:55]} e5 {[%clk 01:30:55]} {[%emt
00:00:06]} 2. Nf3 {[%clk 01:31:24]} {[%emt 00:00:04]} Nc6 {[%clk 01:31:18]}
{[%emt 00:00:06]} 3. Bc4 {[%clk 01:31:47]} {[%emt 00:00:06]} Bc5 {[%clk
01:31:41]} {[%emt 00:00:08]} 4. c3 {[%clk 01:32:07]} {[%emt 00:00:10]} Nf6
{[%clk 01:31:46]} {[%emt 00:00:25]} 5. d3 {[%clk 01:32:31]} {[%emt 00:00:05]}
a5 {[%clk 01:31:51]} {[%emt 00:00:26]} 6. Nbd2 {[%clk 01:32:11]} {[%emt
00:00:49]} d5 {[%clk 01:31:31]} {[%emt 00:00:51]} 7. exd5 {[%clk 01:32:00]}
{[%emt 00:00:41]} Nxd5 {[%clk 01:31:44]} {[%emt 00:00:16]} 8. Ne4 {[%clk
01:32:16]} {[%emt 00:00:13]} Be7 {[%clk 01:28:26]} {[%emt 00:03:50]} 9. Bb5
{[%clk 01:26:46]} {[%emt 00:06:00]} Nf4 {[%clk 01:26:43]} {[%emt 00:02:13]} 10.
Bxf4 {[%clk 01:23:10]} {[%emt 00:04:05]} exf4 {[%clk 01:27:01]} {[%emt
00:00:12]} 11. Qd2 {[%clk 01:19:27]} {[%emt 00:04:11]} Bd6 {[%clk 01:25:43]}
{[%emt 00:01:49]} 12. Nd4 {[%clk 01:17:26]} {[%emt 00:02:31]} Bd7 {[%clk
01:24:27]} {[%emt 00:01:46]} 13. Nxd6+ {[%clk 01:17:10]} {[%emt 00:00:47]} cxd6
{[%clk 01:23:05]} {[%emt 00:01:52]} 14. Qxf4 {[%clk 01:15:56]} {[%emt
00:01:42]} Nxd4 {[%clk 01:22:47]} {[%emt 00:00:49]} 15. Bxd7+ {[%clk 01:16:02]}
{[%emt 00:00:25]} Qxd7 {[%clk 01:23:00]} {[%emt 00:00:18]} 16. Qxd4 {[%clk
01:16:17]} {[%emt 00:00:14]} O-O {[%clk 01:22:13]} {[%emt 00:01:18]} 17. O-O
{[%clk 01:16:36]} {[%emt 00:00:11]} Rfe8 {[%clk 01:22:23]} {[%emt 00:00:20]}
18. Rfe1 {[%clk 01:16:25]} {[%emt 00:00:40]} Rxe1+ {[%emt 00:00:42]} 19. Rxe1
{[%clk 01:16:43]} {[%emt 00:00:09]} h6 {[%clk 01:20:47]} {[%emt 00:01:58]} 20.
h3 {[%clk 01:16:28]} {[%emt 00:00:45]} a4 {[%clk 01:21:10]} {[%emt 00:00:08]}
21. a3 {[%clk 01:16:27]} {[%emt 00:00:30]} b5 {[%clk 01:18:38]} {[%emt
00:03:03]} 22. Re5 {[%clk 01:13:21]} {[%emt 00:03:35]} Rd8 {[%clk 01:18:29]}
{[%emt 00:00:40]} 23. Rd5 {[%clk 01:13:25]} {[%emt 00:00:24]} Qc6 {[%clk
01:18:34]} {[%emt 00:00:27]} 24. c4 {[%clk 01:12:15]} {[%emt 00:01:39]} bxc4
{[%clk 01:15:34]} {[%emt 00:03:30]} 25. dxc4 {[%clk 01:12:27]} {[%emt
00:00:18]} Rd7 {[%clk 01:15:07]} {[%emt 00:00:58]} 26. c5 {[%clk 01:03:56]}
{[%emt 00:09:01]} dxc5 {[%clk 01:14:56]} {[%emt 00:00:41]} 27. Rxc5 {[%clk
01:02:14]} {[%emt 00:02:11]} Rxd4 {[%clk 01:15:08]} {[%emt 00:00:19]} 28. Rxc6
{[%clk 01:02:31]} {[%emt 00:00:12]} Rd1+ {[%clk 01:15:34]} {[%emt 00:00:04]}
29. Kh2 {[%clk 01:02:39]} {[%emt 00:00:22]} Rd2 {[%clk 01:15:55]} {[%emt
00:00:09]} 30. Rb6 {[%clk 01:02:24]} {[%emt 00:00:45]} Rxf2 {[%clk 01:16:14]}
{[%emt 00:00:11]} 31. Rb4 {[%clk 01:02:02]} {[%emt 00:00:51]} g5 {[%clk
01:16:28]} {[%emt 00:00:17]} 32. Rxa4 {[%clk 01:01:48]} {[%emt 00:00:44]} Rxb2
{[%clk 01:16:47]} {[%emt 00:00:11]} 33. Ra6 {[%clk 01:02:04]} {[%emt 00:00:14]}
h5 {[%clk 01:16:30]} {[%emt 00:00:47]} 34. Ra5 {[%clk 00:59:35]} {[%emt
00:02:59]} g4 {[%clk 01:16:25]} {[%emt 00:00:35]} 35. Rxh5 {[%clk 00:59:12]}
{[%emt 00:00:52]} gxh3 {[%clk 01:16:44]} {[%emt 00:00:12]} 36. Rxh3 {[%clk
00:58:55]} {[%emt 00:00:46]} Ra2 {[%clk 01:17:05]} {[%emt 00:00:10]} 37. Rf3
{[%clk 00:59:00]} {[%emt 00:00:22]} Kg7 {[%clk 01:17:26]} {[%emt 00:00:11]} 38.
Kh3 {[%clk 00:59:21]} {[%emt 00:00:07]} f6 {[%clk 01:17:44]} {[%emt 00:00:14]}
39. Kg4 {[%clk 00:59:28]} {[%emt 00:00:21]} Rxg2+ {[%clk 01:18:02]} {[%emt
00:00:14]} 40. Rg3 {[%clk 00:59:09]} {[%emt 00:00:50]} Ra2 {[%clk 01:17:55]}
{[%emt 00:00:37]} 41. Kf4+ {[%clk 00:58:43]} {[%emt 00:00:56]} Kf7 {[%clk
01:18:14]} {[%emt 00:00:12]} 42. Kf5 {[%clk 00:58:49]} {[%emt 00:00:20]} Ke7
{[%clk 01:17:51]} {[%emt 00:00:56]} 1/2-1/2

[Event "DVM U16w 2024"]
[Site "Neumünster GER"]
[Date "2024.12.27"]
[Round "1"]
[White "Lippok, Hanna"]
[Black "Weidner, Marit"]
[Result "0-1"]
[Termination "normal"]
[Board "10.4"]
[WhiteElo "744"]
[BlackElo "1553"]
[WhiteClock "01:24:58"]
[BlackClock "01:16:11"]
[WhiteTeam "SV Eintracht Tangerhütte"]
[BlackTeam "USG Chemnitz"]
[PlyCount "62"]
[WhiteFideId "34681655"]
[BlackFideId "34651853"]
[EventCountry "GER"]
[EventRounds "7"]
[EventType "team-swiss"]
[EventDate "2024.12.26"]

1. e4 {[%clk 01:30:56]} {[%emt 00:00:04]} e5 {[%clk 01:30:56]} {[%emt
00:00:05]} 2. Bc4 {[%clk 01:30:56]} {[%emt 00:00:30]} Nf6 {[%clk 01:30:52]}
{[%emt 00:00:34]} 3. Nf3 {[%clk 01:31:08]} {[%emt 00:00:17]} Nc6 {[%clk
01:31:07]} {[%emt 00:00:16]} 4. Nc3 {[%clk 01:31:19]} {[%emt 00:00:19]} Bc5
{[%clk 01:30:58]} {[%emt 00:00:40]} 5. d4 {[%clk 01:31:09]} {[%emt 00:00:40]}
Bxd4 {[%clk 01:29:50]} {[%emt 00:01:38]} 6. Nxd4 {[%clk 01:31:06]} {[%emt
00:00:29]} Nxd4 {[%clk 01:30:01]} {[%emt 00:00:23]} 7. O-O {[%clk 01:31:02]}
{[%emt 00:00:34]} h6 {[%clk 01:30:00]} {[%emt 00:00:31]} 8. Be3 {[%clk
01:30:46]} {[%emt 00:00:46]} Nc6 {[%clk 01:29:45]} {[%emt 00:00:45]} 9. Bb5
{[%clk 01:30:57]} {[%emt 00:00:19]} Ne7 {[%clk 01:28:32]} {[%emt 00:01:43]} 10.
Bc4 {[%clk 01:29:53]} {[%emt 00:01:33]} c6 {[%clk 01:28:27]} {[%emt 00:00:36]}
11. f4 {[%clk 01:29:21]} {[%emt 00:01:02]} exf4 {[%clk 01:22:25]} {[%emt
00:06:33]} 12. Bxf4 {[%clk 01:29:27]} {[%emt 00:00:20]} d5 {[%clk 01:21:53]}
{[%emt 00:01:04]} 13. exd5 {[%clk 01:29:35]} {[%emt 00:00:23]} Nexd5 {[%clk
01:20:32]} {[%emt 00:01:51]} 14. Nxd5 {[%clk 01:29:01]} {[%emt 00:01:05]} Nxd5
{[%clk 01:19:47]} {[%emt 00:01:14]} 15. Re1+ {[%clk 01:29:07]} {[%emt
00:00:23]} Be6 {[%clk 01:20:04]} {[%emt 00:00:13]} 16. Bd2 {[%clk 01:28:57]}
{[%emt 00:00:40]} O-O {[%clk 01:19:51]} {[%emt 00:00:44]} 17. Rf1 {[%clk
01:28:59]} {[%emt 00:00:28]} Qe7 {[%clk 01:17:56]} {[%emt 00:02:25]} 18. Qf3
{[%clk 01:28:29]} {[%emt 00:01:00]} Qc5+ {[%clk 01:16:51]} {[%emt 00:01:35]}
19. Be3 {[%clk 01:28:06]} {[%emt 00:00:52]} Nxe3 {[%clk 01:16:19]} {[%emt
00:01:03]} 20. Bd3 {[%clk 01:27:45]} {[%emt 00:00:50]} Nxc2+ {[%clk 01:15:18]}
{[%emt 00:01:31]} 21. Rf2 {[%clk 01:27:39]} {[%emt 00:00:36]} Nxa1 {[%clk
01:14:25]} {[%emt 00:01:24]} 22. Qe4 {[%clk 01:27:55]} {[%emt 00:00:13]} g6
{[%clk 01:14:33]} {[%emt 00:00:22]} 23. h4 {[%clk 01:27:36]} {[%emt 00:00:49]}
Bf5 {[%clk 01:14:37]} {[%emt 00:00:27]} 24. Qe3 {[%clk 01:27:37]} {[%emt
00:00:28]} Qxe3 {[%clk 01:14:54]} {[%emt 00:00:13]} 25. Bc4 {[%clk 01:27:32]}
{[%emt 00:00:34]} Qc1+ {[%clk 01:14:26]} {[%emt 00:00:58]} 26. Kh2 {[%clk
01:27:23]} {[%emt 00:00:22]} Qxc4 {[%clk 01:14:46]} {[%emt 00:00:28]} 27. Rf1
{[%clk 01:27:28]} {[%emt 00:00:24]} Qxf1 {[%clk 01:15:07]} {[%emt 00:00:09]}
28. g4 {[%clk 01:24:55]} {[%emt 00:03:03]} Qf2+ {[%clk 01:15:00]} {[%emt
00:00:37]} 29. Kh3 {[%clk 01:24:55]} {[%emt 00:00:30]} Be4 {[%clk 01:15:23]}
{[%emt 00:00:07]} 30. h5 {[%clk 01:24:45]} {[%emt 00:00:41]} Qg2+ {[%clk
01:15:42]} {[%emt 00:00:11]} 31. Kh4 {[%clk 01:24:58]} {[%emt 00:00:15]} g5#
{[%clk 01:16:11]} {[%emt 00:00:03]} 0-1

[Event "DVM U16w 2024"]
[Site "Neumünster GER"]
[Date "2024.12.27"]
[Round "2"]
[White "Lorenz, Veronika"]
[Black "Averkova, Mariia"]
[Result "1-0"]
[Termination "normal"]
[Board "1.1"]
[WhiteElo "1973"]
[BlackElo "1765"]
[WhiteClock "00:53:47"]
[BlackClock "00:05:51"]
[WhiteTeam "TSG Oberschöneweide"]
[BlackTeam "FC Bayern München"]
[PlyCount "55"]
[WhiteFideId "16277406"]
[BlackFideId "34651470"]
[EventCountry "GER"]
[EventRounds "7"]
[EventType "team-swiss"]
[EventDate "2024.12.26"]

1. e4 {[%clk 01:30:58]} {[%emt 00:00:02]} c6 {[%clk 01:30:56]} {[%emt
00:00:04]} 2. d4 {[%clk 01:31:26]} {[%emt 00:00:02]} d5 {[%clk 01:31:22]}
{[%emt 00:00:04]} 3. exd5 {[%clk 01:31:54]} {[%emt 00:00:02]} cxd5 {[%clk
01:31:45]} {[%emt 00:00:07]} 4. c4 {[%clk 01:32:22]} {[%emt 00:00:02]} Nf6
{[%clk 01:32:09]} {[%emt 00:00:06]} 5. Nc3 {[%clk 01:32:48]} {[%emt 00:00:03]}
e6 {[%clk 01:32:20]} {[%emt 00:00:19]} 6. Nf3 {[%clk 01:33:04]} {[%emt
00:00:14]} Be7 {[%clk 01:31:36]} {[%emt 00:01:14]} 7. cxd5 {[%clk 01:33:25]}
{[%emt 00:00:10]} Nxd5 {[%clk 01:30:21]} {[%emt 00:01:44]} 8. Bd3 {[%clk
01:33:53]} {[%emt 00:00:03]} h6 {[%clk 01:28:40]} {[%emt 00:02:10]} 9. O-O
{[%clk 01:33:34]} {[%emt 00:00:49]} O-O {[%clk 01:24:46]} {[%emt 00:04:24]} 10.
Re1 {[%clk 01:33:51]} {[%emt 00:00:13]} Nc6 {[%clk 01:23:40]} {[%emt 00:01:36]}
11. Bb1 {[%clk 01:34:13]} {[%emt 00:00:08]} b6 {[%clk 01:18:46]} {[%emt
00:05:25]} 12. Qd3 {[%clk 01:34:32]} {[%emt 00:00:12]} f5 {[%clk 01:15:31]}
{[%emt 00:03:44]} 13. a3 {[%clk 01:25:21]} {[%emt 00:09:41]} Nxc3 {[%clk
01:00:22]} {[%emt 00:15:39]} 14. bxc3 {[%clk 01:25:13]} {[%emt 00:00:38]} Bf6
{[%clk 00:56:55]} {[%emt 00:03:56]} 15. Ba2 {[%clk 01:25:06]} {[%emt 00:00:38]}
Re8 {[%clk 00:56:13]} {[%emt 00:01:12]} 16. Qxf5 {[%clk 01:24:31]} {[%emt
00:01:05]} Qe7 {[%clk 00:45:35]} {[%emt 00:11:07]} 17. Qe4 {[%clk 01:21:34]}
{[%emt 00:03:22]} Bd7 {[%clk 00:42:46]} {[%emt 00:03:24]} 18. Bb1 {[%clk
01:21:15]} {[%emt 00:00:49]} g5 {[%clk 00:38:22]} {[%emt 00:04:54]} 19. h4
{[%clk 01:20:04]} {[%emt 00:01:42]} Qg7 {[%clk 00:37:48]} {[%emt 00:01:03]} 20.
hxg5 {[%clk 01:20:07]} {[%emt 00:00:27]} hxg5 {[%clk 00:36:50]} {[%emt
00:01:28]} 21. Re3 {[%clk 01:13:21]} {[%emt 00:07:15]} e5 {[%clk 00:23:48]}
{[%emt 00:13:32]} 22. d5 {[%clk 01:12:26]} {[%emt 00:01:26]} Na5 {[%clk
00:22:43]} {[%emt 00:01:35]} 23. Nxg5 {[%clk 01:06:35]} {[%emt 00:06:22]} Kf8
{[%clk 00:15:05]} {[%emt 00:08:06]} 24. Qb4+ {[%clk 01:00:18]} {[%emt
00:06:47]} Be7 {[%clk 00:07:38]} {[%emt 00:07:57]} 25. Rf3+ {[%clk 00:55:58]}
{[%emt 00:04:52]} Kg8 {[%clk 00:07:37]} {[%emt 00:00:30]} 26. d6 {[%clk
00:53:52]} {[%emt 00:02:37]} Nc6 {[%clk 00:05:54]} {[%emt 00:02:12]} 27. Ba2+
{[%clk 00:53:26]} {[%emt 00:00:56]} Kh8 {[%clk 00:05:51]} {[%emt 00:00:32]} 28.
Qh4+ {[%clk 00:53:47]} {[%emt 00:00:10]} 1-0

[Event "DVM U16w 2024"]
[Site "Neumünster GER"]
[Date "2024.12.27"]
[Round "2"]
[White "Prokscha, Charlotte"]
[Black "Fock, Madiha"]
[Result "0-1"]
[Termination "normal"]
[Board "1.2"]
[WhiteElo "1627"]
[BlackElo "1797"]
[WhiteClock "00:06:15"]
[BlackClock "00:12:06"]
[WhiteTeam "FC Bayern München"]
[BlackTeam "TSG Oberschöneweide"]
[PlyCount "96"]
[WhiteFideId "34614699"]
[BlackFideId "16253574"]
[EventCountry "GER"]
[EventRounds "7"]
[EventType "team-swiss"]
[EventDate "2024.12.26"]

1. d4 {[%clk 01:30:56]} {[%emt 00:00:04]} Nf6 {[%clk 01:30:46]} {[%emt
00:00:15]} 2. Bf4 {[%clk 01:31:15]} {[%emt 00:00:10]} d5 {[%clk 01:31:11]}
{[%emt 00:00:06]} 3. Nf3 {[%clk 01:31:31]} {[%emt 00:00:13]} e6 {[%clk
01:31:32]} {[%emt 00:00:10]} 4. c4 {[%clk 01:31:44]} {[%emt 00:00:17]} c6
{[%clk 01:29:07]} {[%emt 00:02:55]} 5. e3 {[%clk 01:31:54]} {[%emt 00:00:19]}
Bd6 {[%clk 01:27:05]} {[%emt 00:02:32]} 6. Bxd6 {[%clk 01:31:25]} {[%emt
00:00:59]} Qxd6 {[%clk 01:27:26]} {[%emt 00:00:10]} 7. Nc3 {[%clk 01:31:26]}
{[%emt 00:00:28]} O-O {[%clk 01:26:20]} {[%emt 00:01:37]} 8. Bd3 {[%clk
01:30:50]} {[%emt 00:01:04]} b6 {[%clk 01:17:42]} {[%emt 00:09:09]} 9. cxd5
{[%clk 01:29:00]} {[%emt 00:02:20]} exd5 {[%clk 01:17:17]} {[%emt 00:00:55]}
10. O-O {[%clk 01:29:14]} {[%emt 00:00:16]} Ba6 {[%clk 01:12:47]} {[%emt
00:05:01]} 11. Rc1 {[%clk 01:26:59]} {[%emt 00:02:44]} Bxd3 {[%clk 01:09:48]}
{[%emt 00:03:30]} 12. Qxd3 {[%clk 01:27:21]} {[%emt 00:00:07]} Nbd7 {[%clk
01:07:34]} {[%emt 00:02:44]} 13. Rfd1 {[%clk 01:25:43]} {[%emt 00:02:09]} Rac8
{[%clk 01:06:11]} {[%emt 00:01:52]} 14. a3 {[%clk 01:22:15]} {[%emt 00:03:58]}
Rfe8 {[%clk 01:02:15]} {[%emt 00:04:26]} 15. h3 {[%clk 01:19:10]} {[%emt
00:03:35]} Ne4 {[%clk 00:59:03]} {[%emt 00:03:42]} 16. Nd2 {[%clk 01:15:43]}
{[%emt 00:03:57]} Nef6 {[%clk 00:52:03]} {[%emt 00:07:31]} 17. Re1 {[%clk
01:11:25]} {[%emt 00:04:47]} Nf8 {[%clk 00:47:17]} {[%emt 00:05:17]} 18. Qa6
{[%clk 01:08:33]} {[%emt 00:03:21]} Qb8 {[%clk 00:45:40]} {[%emt 00:02:07]} 19.
Qd3 {[%clk 01:02:17]} {[%emt 00:06:47]} Ne6 {[%clk 00:42:43]} {[%emt 00:03:27]}
20. Nf3 {[%clk 00:59:58]} {[%emt 00:02:48]} Nd7 {[%clk 00:39:11]} {[%emt
00:04:02]} 21. Red1 {[%clk 00:49:04]} {[%emt 00:11:25]} h6 {[%clk 00:36:04]}
{[%emt 00:03:37]} 22. Rc2 {[%clk 00:46:12]} {[%emt 00:03:21]} Qb7 {[%clk
00:29:37]} {[%emt 00:06:57]} 23. Rdc1 {[%clk 00:44:03]} {[%emt 00:02:40]} Red8
{[%clk 00:27:14]} {[%emt 00:02:53]} 24. b4 {[%clk 00:40:46]} {[%emt 00:03:46]}
b5 {[%clk 00:23:16]} {[%emt 00:04:28]} 25. Nb1 {[%clk 00:36:29]} {[%emt
00:04:46]} Nb6 {[%clk 00:22:35]} {[%emt 00:01:12]} 26. Nbd2 {[%clk 00:36:19]}
{[%emt 00:00:40]} Nc4 {[%clk 00:22:35]} {[%emt 00:00:31]} 27. Nxc4 {[%clk
00:32:11]} {[%emt 00:04:37]} bxc4 {[%clk 00:22:22]} {[%emt 00:00:43]} 28. Qf5
{[%clk 00:31:39]} {[%emt 00:01:01]} Qe7 {[%clk 00:20:47]} {[%emt 00:02:06]} 29.
Rc3 {[%clk 00:28:56]} {[%emt 00:03:13]} Ng5 {[%clk 00:18:08]} {[%emt 00:03:09]}
30. Nxg5 {[%clk 00:25:00]} {[%emt 00:04:26]} Qxg5 {[%clk 00:18:30]} {[%emt
00:00:08]} 31. Qxg5 {[%clk 00:24:45]} {[%emt 00:00:46]} hxg5 {[%clk 00:18:55]}
{[%emt 00:00:05]} 32. Re1 {[%clk 00:24:45]} {[%emt 00:00:29]} a5 {[%clk
00:17:52]} {[%emt 00:01:33]} 33. e4 {[%clk 00:22:40]} {[%emt 00:02:35]} axb4
{[%clk 00:18:16]} {[%emt 00:00:07]} 34. axb4 {[%clk 00:23:04]} {[%emt
00:00:06]} Rb8 {[%clk 00:18:25]} {[%emt 00:00:21]} 35. exd5 {[%clk 00:23:11]}
{[%emt 00:00:23]} cxd5 {[%clk 00:18:48]} {[%emt 00:00:07]} 36. Rb1 {[%clk
00:17:50]} {[%emt 00:05:50]} Rb5 {[%clk 00:18:43]} {[%emt 00:00:35]} 37. Rc2
{[%clk 00:16:58]} {[%emt 00:01:22]} Ra8 {[%clk 00:17:25]} {[%emt 00:01:49]} 38.
Kf1 {[%clk 00:16:17]} {[%emt 00:01:11]} Ra3 {[%clk 00:17:12]} {[%emt 00:00:42]}
39. Ke2 {[%clk 00:15:35]} {[%emt 00:01:12]} Kh7 {[%clk 00:17:30]} {[%emt
00:00:13]} 40. Kd2 {[%clk 00:11:52]} {[%emt 00:04:12]} Rd3+ {[%clk 00:17:47]}
{[%emt 00:00:12]} 41. Ke2 {[%clk 00:11:25]} {[%emt 00:00:58]} Rxd4 {[%clk
00:18:07]} {[%emt 00:00:10]} 42. Rd2 {[%clk 00:11:44]} {[%emt 00:00:11]} Re4+
{[%clk 00:14:15]} {[%emt 00:04:22]} 43. Kf3 {[%clk 00:10:39]} {[%emt 00:01:35]}
Rf4+ {[%clk 00:12:11]} {[%emt 00:02:34]} 44. Ke3 {[%clk 00:10:18]} {[%emt
00:00:48]} d4+ {[%clk 00:11:43]} {[%emt 00:01:01]} 45. Ke2 {[%clk 00:09:34]}
{[%emt 00:01:14]} d3+ {[%clk 00:11:48]} {[%emt 00:00:25]} 46. Kf1 {[%clk
00:07:43]} {[%emt 00:02:21]} Rd4 {[%clk 00:12:05]} {[%emt 00:00:12]} 47. Ke1
{[%clk 00:05:57]} {[%emt 00:02:17]} c3 {[%clk 00:11:52]} {[%emt 00:00:43]} 48.
Ra2 {[%clk 00:06:15]} {[%emt 00:00:12]} c2 {[%clk 00:12:06]} {[%emt 00:00:16]}
0-1